| 000 | 00473nam a2200169Ia 4500 | ||
|---|---|---|---|
| 999 |
_c11749 _d11749 |
||
| 003 | OSt | ||
| 005 | 20201005102240.0 | ||
| 008 | 190216s9999||||xx |||||||||||||| ||und|| | ||
| 040 | _coclc | ||
| 082 |
_a823.89 _bCOO/W |
||
| 100 |
_aCoolidge, Susan _94807 |
||
| 245 | 0 |
_aWhat Katy Did / _cSusan Coolidge |
|
| 260 |
_bDean&Son Ltd, _c1976. _aLondon: |
||
| 300 | _a247p | ||
| 650 | _aEnglish Literature | ||
| 942 |
_cBK _2ddc _h823.89 _iCOO/W _k823.89 _mCOO/W |
||